Practical idealism in Vicente Rocafuerte (1783-1847) : un verdadero americano independeinte y libre /

Bibliographic Details
Main Author: Mecum, Kent Bruce
Format: Thesis Book
Language:English
Spanish
Published: [Place of publication not identified] : Mecum, 1971.
Subjects:

MARC

Tag First Indicator Second Indicator Subfields
LEADER 00000cam a2200000 i 4500
001 in00000217021
005 20151009071504.0
008 790808r19741971miu b 00010 eng d
035 |a (OCoLC)05253722 
035 |9 AAY7634AM 
040 |a TXA  |c TXA  |d UtOrBLW 
041 0 |a eng  |a spa 
049 |a TXAM  |c [1372626] 
090 |a F3736  |b .M4 1971a 
100 1 |a Mecum, Kent Bruce. 
245 1 0 |a Practical idealism in Vicente Rocafuerte (1783-1847) :  |b un verdadero americano independeinte y libre /  |c by Kent Bruce Mecum. 
264 1 |a [Place of publication not identified] :  |b Mecum,  |c 1971. 
300 |a x, 334 leaves. 
336 |a text  |b txt  |2 rdacontent 
337 |a unmediated  |b n  |2 rdamedia 
338 |a volume  |b nc  |2 rdacarrier 
500 |a Vita. 
500 |a Photocopy of typescript. Ann Arbor, Mich., University Microfilms, 1974. 
502 |c Indiana University. 
504 |a Bibliography: leaves [300]-334. 
600 1 0 |a Rocafuerte, Vincente,  |d 1783-1847. 
999 |a MARS 
999 f f |s f5bf2a37-a89d-3bb4-ba15-d2808fc00d81  |i 85b66671-830e-32af-a90e-3a915465e41b  |t 0 
952 f f |p ric  |a Texas A&M University  |b Rellis Campus  |c Joint Library Facility  |d Remote Storage  |t 0  |e F3736 .M4 1971a  |h Library of Congress classification  |i unmediated -- volume  |m A14802375212 
998 f f |a F3736 .M4 1971a  |t 0  |l Remote Storage